000 00746nam a22002055i 4500
001 165901
003 ES-MaACL
005 20251005063131.0
008 990415s1900 sw |||| | fre d
040 _aCCPB | B
_bspa
_cCCPB | B
100 1 _aSundbärg, Gustav,
_d1857-1914
_9132953
245 1 3 _aLa Suède son peuple et son industrie
_b: exposé historique et statistique /
_crédigé par Gustav Sunddbärg.
260 _aStockholm :
_b[s.n.],
_c1900 (
_fL'Imprimerie Royale)
300 _aIX, 528, XX p. ;
_c25 cm.
597 1 _aAntep.
651 4 _aSuecia-
_xHistoria.
_9137371
752 _aSuecia -
_dEstocolmo
852 _aES-MaACL
_jG-8867
_z-- Enc. pasta española, conservando la enc. original
999 _c165901
_d165901